| 000 | 00598nam a2200181Ia 4500 | ||
|---|---|---|---|
| 005 | 20260429112241.0 | ||
| 008 | 260429s9999||||xx |||||||||||||| ||und|| | ||
| 020 | _a9788197336881 | ||
| 041 | _aHindi | ||
| 082 |
_a891.431 _bSAN |
||
| 100 | _aसांकृत्यायन, राहुल | ||
| 245 | 0 |
_aमेरे असहयोग के साथी / _cराहुल सांकृत्यायन |
|
| 250 | _a1st ed. | ||
| 260 |
_aदिल्ली : _bप्रकाशन संस्थान, _c2025. |
||
| 300 | _a104 p.; Hb | ||
| 650 | _aHindi essays | ||
| 942 | _cTB | ||
| 999 |
_c53122 _d53122 |
||